Loading...
| Philosophy | 0 | 7 | 0 | 1 | 70 | 59 | 90.00 | 2 | 6 | 0.00 | 0.00 |
| Literature - European | 0 | 7 | 1 | 0 | 65 | 44 | 67.43 | 2 | 5 | 0.00 | 0.00 |
| Literature - American | 0 | 6 | 0 | 0 | 60 | 47 | 71.83 | 3 | 5 | 0.00 | 0.00 |
| Literature - World/Other | 0 | 6 | 1 | 1 | 55 | 57 | 82.83 | 1 | 4 | 0.00 | 0.00 |
| Literature - British | 0 | 5 | 2 | 0 | 40 | 53 | 80.00 | 1 | 5 | 0.00 | 0.00 |
| Religion | 0 | 4 | 0 | 2 | 40 | 73 | 110.50 | 0 | 2 | 0.00 | 0.00 |
| Mythology | 0 | 5 | 2 | 0 | 40 | 47 | 67.20 | 1 | 3 | 0.00 | 0.00 |
| Fine Arts - Visual | 0 | 2 | 0 | 1 | 20 | 110 | 112.50 | 0 | 2 | 0.00 | 0.00 |
| Social Science | 0 | 2 | 1 | 0 | 15 | 80 | 89.00 | 0 | 2 | 0.00 | 0.00 |
| History - World | 0 | 1 | 0 | 0 | 10 | 88 | 88.00 | 0 | 0 | 0.00 | 0.00 |
| Fine Arts - Other | 0 | 1 | 0 | 0 | 10 | 146 | 146.00 | 0 | 1 | 0.00 | 0.00 |
| Science - Chemistry | 0 | 1 | 0 | 0 | 10 | 101 | 101.00 | 0 | 0 | 0.00 | 0.00 |
| Science - Physics | 0 | 1 | 0 | 0 | 10 | 104 | 104.00 | 0 | 0 | 0.00 | 0.00 |
| Fine Arts - Classical Music | 0 | 0 | 1 | 0 | -5 | 0.00 | 0 | 0 | 0.00 | 0.00 |